|
|
|
|
| LEADER |
00000nam a2200000 a 4500 |
| 005 |
20130918101541.0 |
| 007 |
cr ||||||||||| |
| 008 |
130903s2013 sp |||||s|||||||||||spa c |
| 020 |
|
|
|a 9788470888373
|
| 035 |
|
|
|a 11508
|
| 040 |
|
|
|d vLex
|
| 090 |
|
|
|c 4507
|d 4507
|
| 245 |
0 |
0 |
|a Libre mercado y proteccin̤ ambiental
|h [Recurso electrn̤ico] :
|b intervencin̤ y orientacin̤ ambiental de las actividades econm̤icas
|
| 256 |
|
|
|a Servicio en ln̕ea
|
| 260 |
|
|
|a Madrid :
|b Instituto Nacional de Administracin̤ Pb︢lica (INAP),
|c 2013
|
| 300 |
|
|
|a 1 recurso electrn̤ico
|
| 506 |
1 |
|
|a Contenido solo disponible en los productos indicados
|d vLex Global
|d vLex Global (Academic Edition, excluding Law Schools)
|d vLex Global (U.S. Academic Edition, Law Schools)
|d vLex Global (U.S. Academic Edition, excluding Law Schools)
|d vLex Global (Academic Edition, Law Schools)
|
| 650 |
0 |
4 |
|a Economa̕ de mercado
|z Espaą
|
| 650 |
0 |
4 |
|a Medio ambiente
|x Proteccin̤
|z Espaą
|
| 710 |
2 |
|
|a Instituto Nacional de Administracin̤ Pb︢lica (Espaą)
|
| 740 |
0 |
|
|a vLex Libros (Servicio en ln̕ea)
|
| 856 |
4 |
0 |
|z Acceso restringido
|u http://vlex.com/source/libre-mercado-proteccion-ambiental-intervencion-orientacion-ambiental-actividades-economicas-11508
|
| 942 |
|
|
|c BOOK
|
| 999 |
0 |
|
|a Economics
|
| 999 |
0 |
|
|a Environnement
|